000 00355nam a2200133Ia 4500
008 240624s9999 xx 000 0 und d
041 _aeng
082 _a517 GUP
100 _aGUPTA A S
245 _aCALCULUS OF VARIATIONS WITH APLICATIONS
260 _c2008
_aNew Delhi
_bPrentice-Hall of India
300 _aix, : 242 : p. : cm. ; 25
365 _cRS
_b36
999 _c10572
_d10572